| 000 | 00727cab a2200229 4500 | ||
|---|---|---|---|
| 001 | WB2719-15 | ||
| 008 | 090401t1991 xxu||||| |||| 00| 0 eng d | ||
| 035 | _a(Sirsi) u74023 | ||
| 041 | _aeng | ||
| 245 | _aTowns to line new motorway | ||
| 260 | _c1991 | ||
| 350 | _a0 | ||
| 490 |
_aIndependent on Sunday _v12/5/91 p10 |
||
| 520 | _aSeventeen new towns and villages will be created on the east coast of England if a privately built motorway from Cambridge to Sunderland goes ahead. | ||
| 650 | _aEAST COAST MOTORWAY | ||
| 650 | _aNEW SETTLEMENTS | ||
| 650 | _aNEW VILLAGES | ||
| 650 | _aPRIVATE FUNDING | ||
| 690 | _aPROPERTY-RESIDENTIAL PROPERTY-RESIDENTIAL PROPERTY MARKET | ||
| 942 | _n0 | ||
| 948 | _c04/03/1997 | ||
| 999 |
_c46723 _d46723 |
||